El derecho del constitucionalismo y de la codificación
I tiakina i:
| Kaituhi matua: | |
|---|---|
| Hōputu: | Pukapuka |
| Reo: | Pāniora |
| I whakaputaina: |
Sevilla
Universidad de Sevilla
1980
|
| Putanga: | 2a. ed |
| Rangatū: | Temas de historia del Derecho
|
| Ngā marau: | |
| Ngā Tūtohu: |
Tāpirihia he Tūtohu
Kāore He Tūtohu, Me noho koe te mea tuatahi ki te tūtohu i tēnei pūkete!
|
MARC
| LEADER | 00000nam a2200000 a 4500 | ||
|---|---|---|---|
| 001 | UCR2437 | ||
| 003 | CL-VaPUC | ||
| 008 | 980112e19800000SP |||||||||||||||||spa|d | ||
| 082 | 0 | 4 | |a 342.2 |b ALE |2 21 |
| 100 | 0 | |a Alejandre García, Juan Antonio |e author |9 400280 | |
| 245 | 1 | 3 | |a El derecho del constitucionalismo y de la codificación |
| 250 | |a 2a. ed | ||
| 300 | |a v | ||
| 942 | |c BK | ||
| 945 | |d 19980112 00:00:00 |a cmena | ||
| 260 | |a Sevilla |b Universidad de Sevilla |c 1980 | ||
| 650 | 0 | |a Constituciones |9 255417 | |
| 650 | 0 | |a Historia del derecho |9 255109 | |
| 650 | 0 | |a Filosofía del derecho |9 255050 | |
| 650 | 0 | |a Iusnaturalismo |9 393557 | |
| 650 | 0 | |a Derecho español |9 255291 | |
| 650 | 7 | |a POSITIVISM |2 CL-VaPUC |9 400281 | |
| 650 | 0 | |a Escuelas filosóficas |9 266232 | |
| 650 | 0 | |a Enseñanza del derecho |9 354184 | |
| 650 | 0 | |a Derecho político |9 257756 | |
| 651 | 0 | |a España |9 254926 | |
| 583 | |a last modification |c 19980112 00:00:00 |k Rodrigo Vera | ||
| 490 | 0 | |a Temas de historia del Derecho | |
| 999 | |c 265604 |d 265602 | ||
| 952 | |0 0 |1 0 |4 0 |6 342_200000000000000_ALE_1980 |7 0 |8 DER_HIS |9 296608 |a BIBDER |b BIBDER |d 2019-11-20 |h v.1 |i 1930427 |l 1 |o 342.2 ALE 1980 |p 1930427 |r 2023-01-25 |s 2020-03-17 |w 2019-11-20 |x Ubicación 4to Piso |y BK |z Estos recursos deben solicitarse con anticipación |k DER | ||